| 000 | 00837nam a2200253Ia 4500 | ||
|---|---|---|---|
| 001 | dia_4131 | ||
| 003 | CHAP | ||
| 005 | 20230206172649.0 | ||
| 007 | ta | ||
| 008 | 220117s1986 mx f 000 0 spa d | ||
| 010 | _a174756 | ||
| 040 |
_cCHAP _amxchpua |
||
| 090 | _aFOLLETO 2470 | ||
| 110 | 1 |
_977155 _aMéxico. Secretaría de Comercio y Fomento Industrial _bDirección general de normas |
|
| 245 | 1 | 0 |
_aNorma oficial mexicana de productos de la pesca-pulpo congelado-especificaciones / _cSecretaría de comercio y fomento industrial. Dirección general de normas |
| 260 |
_aMéxico : _bLa secretaría, _c1986 |
||
| 300 | _a6 hojas | ||
| 500 | _aS/c | ||
| 650 | 1 | 3 |
_aPulpo _xNormas _9155689 |
| 901 | _aFOLLETO 2470 | ||
| 902 | _aM | ||
| 905 | _a0000001986 mx 0000000000spa00 | ||
| 942 |
_cFOLL _2local |
||
| 999 |
_c174756 _d174756 |
||